[Event "New Delhi Parsvnath op 6th"]
[Site "New Delhi"]
[Date "2008.01.13"]
[Round "1"]
[White "Kushal, Bharat Bagadia"]
[Black "Babu, N Sudhakar"]
[Result "0-1"]
[WhiteElo "1832"]
[BlackElo "2333"]
[PlyCount "58"]
[EventDate "2008.01.13"]
[EventType "swiss"]
[EventRounds "10"]
[EventCountry "IND"]
[SourceTitle "CBM 122 Extra"]
[Source "ChessBase"]
[SourceDate "2008.03.04"]
[SourceVersion "1"]
[SourceVersionDate "2008.03.04"]
[SourceQuality "1"]

1. d4 d5 2. c4 e6 3. Nc3 Be7 4. Nf3 Nf6 5. e3 0-0 6. Bd3 b6 7. cxd5 exd5 8. 0-0 Bb7 9. Ne5 c5 10. f4 Nc6 11. Kh1 a6 12. a4 Re8 13. b3 Rc8 14. Bb2 cxd4 15. exd4 Nxd4 16. Bxh7+ Nxh7 17. Qxd4 Bc5 18. Qd3 f6 19. Ng4 d4 20. Ne2 Qd5 21. Rg1 Qh5 22. h3 Re3 23. Qc4+ Bd5 24. Qxd5+ Qxd5 25. Nxe3 dxe3 26. Rgd1 Qxb3 27. Bd4 Qc4 28. Bxc5 Rxc5 29. Re1 f5 0-1